000 00519nam a2200181Ia 4500
008 090124s9999 xx 000 0 und d
082 _b128777
100 _aप्रभावळकर दिलीप
245 _a हाऊज दॅट ?
250 _a1
260 _c1999
300 _a173
600 _aप्रभावळकर दिलीप
630 _a हाऊज दॅट ?
700 _aप्रभावळकर दिलीप
730 _a हाऊज दॅट ?
942 _cBOOK
999 _c174866
_d174866